Sports Quiz

Random Sports or WWE Quiz

Pro Wrestler Submission Move Rumble Quiz Stats

 Plays Quiz not verified by Sporcle

Challenge
Share
Tweet
Embed
Score 0/30 Timer 06:00
0 Plays Today
% Correct
Bret Hart
92.2%
Ric Flair
91.6%
Kurt Angle
90.8%
Daniel Bryan
90.7%
The Undertaker
90.4%
Mick Foley
89.8%
John Cena
89.8%
Sting
88.9%
Chris Benoit
88.6%
Chris Masters
88.5%
Alberto Del Rio
83.5%
CM Punk
82.7%
Bob Backlund
81.5%
Scott Steiner
79.2%
Ultimo Dragon
78.9%
% Correct
The Iron Sheik
78.5%
Lex Luger
77.3%
Sgt. Slaughter
77.1%
Brock Lesnar
75.7%
Tajiri
75.2%
Dean Malenko
74.5%
Lance Storm
74.2%
The Great Khali
65.4%
Chavo Guerrero
61.6%
Chris Jericho
59.8%
Killer Kowalski
57.8%
Austin Aries
57.1%
Big Show
56.5%
Samoa Joe
54.1%
Rick Martel
51.1%

You're not logged in!

Compare scores with friends on all Sporcle quizzes.
Join for Free
OR
Log In

You Might Also Like...

Show Comments

Extras

Top Quizzes Today


Score Distribution

Your Account Isn't Verified!

In order to create a playlist on Sporcle, you need to verify the email address you used during registration. Go to your Sporcle Settings to finish the process.

Report this User

Report this user for behavior that violates our Community Guidelines.

Details: